قلائد الجواهر في مناقب الشيخ عبد القادر : وبهامشه كتاب فتوح الغيب للقطب الرباني الشيخ محي الدين عبد القادر الجيلاني وعقيدته ووفاته
محفوظ في:
المؤلف الرئيسي:
مؤلفون آخرون:
التنسيق: كتاب
اللغة: Undetermined
منشور في:
Miṣr
Almatbaeat aleamirat aleuthmania
1886
الوسوم: إضافة وسم
لا توجد وسوم, كن أول من يضع وسما على هذه التسجيلة!
رقم الطلب: (R)O10 TADI
| LEADER | 00650nam a2200133Ia 4500 | ||
|---|---|---|---|
| 008 | 240404s9999||||xx |||||||||||||| ||und|| | ||
| 050 | 4 | |a (R)O10 TADI | |
| 100 | 1 | |a عبد القادر الجيلاني. | |
| 245 | 1 | 0 | |a قلائد الجواهر في مناقب الشيخ عبد القادر : وبهامشه كتاب فتوح الغيب للقطب الرباني الشيخ محي الدين عبد القادر الجيلاني وعقيدته ووفاته |c عبد القادر الجيلاني |
| 264 | 1 | |a Miṣr |b Almatbaeat aleamirat aleuthmania |c 1886 | |
| 300 | |a 178 |c 24 | ||
| 700 | 1 | |a محمد بن يحيى التادفي. | |
| 942 | |2 lcc |c BK | ||
| 999 | |c 58193 |d 58193 | ||
